Statistics for Shakira Albums

Click here to take the quiz!

General Stats

  • This quiz has been taken 193 times
    (166 since last reset)
  • The average score is 10 of 11

Answer Stats

HintAnswer% Correct
2017El Dorado
97%
2001Laundry Service
96%
2014SHAKIRA.
90%
2010Sale el Sol
89%
1998Dónde Están los Ladrones?
88%
2005Oral Fixation, Vol. 2
88%
1991Magia
87%
1995Pies Descalzos
87%
2005Fijación Oral, Vol. 1
86%
2009She Wolf
85%
1993Peligro
71%

Score Distribution

Percentile by Number Answered

Percent of People with Each Score

Your Score History

You have not taken this quiz since the last reset